000 00492nam a2200181Ia 4500
001 3950
005 20260306145720.0
008 260306t2004||||xx |||||||||||||| ||spa||
041 _aESP
082 _a305.80985
_bM52
100 _aMillones, Luis
_eAUT
245 0 _aSer indio en el Perú:
_bla fuerza del pasado: las poblaciones indígenas del Perú (costa y sierra)
260 _c2004
300 _a154 páginas :
_c22 cm.
650 _aGEN
654 _aCHU
942 _cLIB
_dJUS
_fJUS
_2ddc
_n
999 _c3950
_d3950